| 000 | 00857nam a2200229 u 4500 | ||
|---|---|---|---|
| 005 | 20230217122432.0 | ||
| 008 | 161111s2012 es r 000 0 spa d | ||
| 020 | _a9788483197554 | ||
| 035 | _aUPN01000214685 | ||
| 049 | _aCG | ||
| 050 | 4 |
_aHN310 S6.3 _bC6.6 |
|
| 245 | 0 | 0 |
_aCooperación institucional y desarrollo local : _bestrategias e iniciativas en el caso de Soacha (Colombia) / _ccoord. Pedro Martínez Lillo. |
| 260 |
_aMadrid : _bLos Libros de la Catarata, _c2012. |
||
| 300 |
_a141 p. : _bil., cuados |
||
| 440 | 0 |
_aInvestigación y debate ; _v97 |
|
| 650 | 4 |
_aDesarrollo de la comunidad _zSoacha, Colombia _925585 |
|
| 650 | 4 |
_aDesarrollo de la comunidad _xCooperación internacional _925586 |
|
| 651 | 4 |
_aSOACHA, COLOMBIA - _xCONDICIONES ECONOMICAS _925587 |
|
| 700 | 1 |
_aMartínez Lillo, Pedro, _ecoord. |
|
| 905 | _aLibro | ||
| 999 |
_c186785 _d186785 |
||